Olivia Rodrigo - Paroles logical - Statistiques

Statistiques générales
  • Ce quiz a été pris 122 fois
  • Le résultat moyen est 300 sur 360
Statistiques - réponses
Hint Réponse % Correct
I
100%
you
97%
Couplet 2 You
97%
I'm
95%
is
95%
love
95%
Love
95%
Refrain Oh,
95%
do
93%
the
93%
The
93%
your
93%
a
92%
logical
92%
Outro Logical,
92%
logical,
92%
me
92%
me,
92%
never
90%
so
90%
That
90%
that
90%
Then
90%
And
88%
and
88%
could
88%
equals
88%
five
88%
life
88%
of
88%
plus
88%
Two
88%
two
88%
all
87%
all?
87%
'Cause
87%
don't
87%
in
87%
my
87%
No,
87%
to
87%
friend
85%
It
85%
it
85%
shine
83%
was
83%
changing
82%
girl
82%
if
82%
sun
82%
thinking
82%
what
82%
did
80%
possible
80%
really
80%
said
80%
Said
80%
too
80%
you're
80%
feel
78%
God,
78%
got
78%
have
78%
know
78%
like
78%
look
78%
rain
78%
sky
78%
sure
78%
why
78%
are
77%
head
77%
horrible
77%
stupid
77%
up
77%
Can't
75%
can't
75%
every
75%
get
75%
instead
75%
loving
75%
over
75%
red
75%
things
75%
Bridge Argument
73%
But
73%
fell
73%
green,
73%
Hear
73%
now
73%
pour
73%
this?
73%
With
73%
young,
73%
for
72%
girls
72%
good
72%
I'd
72%
makes
72%
soft
72%
stop
72%
always
70%
Brought
70%
couldn't
70%
didn't
70%
grass
70%
half
70%
Problems
70%
at
68%
built
68%
held
68%
lied,
68%
lied
68%
mean
68%
mind
68%
responsible
68%
see
68%
water
68%
baby
67%
castle
67%
from
67%
off
67%
through
67%
way
67%
Come
65%
denied
65%
giant
65%
solvable
65%
tried
65%
February
63%
hell
63%
lately
63%
savior
63%
take
63%
convinced
62%
guess
62%
joke,
62%
manipulator
62%
myself
62%
put
62%
rumors
62%
Falls
60%
Couplet 1 Master
60%
stopped
58%
walls
58%
words
58%
could've
57%
high
57%
out
55%
stronger
50%
those
50%
current's
40%
unraveled
28%
Aucun quiz correspondant
Distribution des résultats
% des personnes avec chaque résultat
Percentile par nombre de réponses
Votre historique - résultats
Vous n’avez pas pris ce quiz